| 000 | 01028nas a2200361 4500 | ||
|---|---|---|---|
| 001 | BR0500813 | ||
| 003 | BR-BrBNA | ||
| 005 | 20231205105149.0 | ||
| 007 | ta | ||
| 008 | 230509b bl.|||p| |||| 00| 00por d | ||
| 040 |
_aBR-BrBNA _bpor _cBiblioteca Nacional de Agricultura |
||
| 041 | _a(Pt) | ||
| 072 | _aJ11 | ||
| 100 | 1 | _aBrackmann, A. | |
| 100 | 1 | _aFreitas, S.T. de | |
| 100 | 1 | _aGiehl, R.F.H. | |
| 100 | 1 | _aMello, A.M. de | |
| 100 | 1 | _aBenedetti, M. | |
| 100 | 1 | _aOliveira, V.R. de | |
| 100 | 1 | _aGuarienti, A.J.W. | |
| 245 | 1 | _aRegimes de atmosfera controlada para o armazenamento de caqui "Kyoto" | |
| 650 | _aCAQUI | ||
| 650 | _aARMAZENAMENTO | ||
| 650 | _aREFRIGERAÇÃO | ||
| 650 | _aUMIDADE RELATIVA | ||
| 650 | _aFUNGICIDA | ||
| 650 | _aVIDA-DE-PRATELEIRA | ||
| 650 | _aQUALIDADE | ||
| 650 | _aRIO GRANDE DO SUL | ||
| 773 | 0 |
_tCiência Rural (Brazil) _xISSN 0103-8478 _g(Sep-Oct 2004), v. 34(5) p. 1607-1609 _wBR0500813 |
|
| 909 |
_a202311 _bLúcia _c55 _dLúcia Elande |
||
| 942 |
_2AGRIS _n0 _cANA |
||
| 999 |
_c181558 _d181558 |
||